=LDR 00000nam 2200000 4500 =001 000723 =005 20250711034235 =035 ##$$a 0010-0725000591 =007 ta =008 250711################a##########0#ind## =020 ##$$a 978-623-307-696-8 =082 ##$$a 398.209 598 =084 ##$$a 398.209 598 CUR s =100 #$$a Curro alyson =245 1#$$a Sang pemanah /$c Alyson curro =250 ##$$a Cetakan pertama =260 ##$$a Rawamangun :$b Badan pengembangan dan pusat bahasa,$c 2022 =300 ##$$a 12 hlm. : $b Ilus. ; $c 22,9 cm. =990 ##$$a TBM04980498